|
|
|
|
| LEADER |
00823nam a2200217 a 4500 |
| 001 |
000587028 |
| 003 |
CZ BrMZK |
| 005 |
20070108072843.0 |
| 008 |
020213s1970 xr f cze d |
| 040 |
|
|
|a BOA001
|b cze
|c BOA001
|
| 100 |
1 |
|
|a Lada, Josef,
|d 1887-1957
|7 jk01071364
|4 ill
|
| 245 |
1 |
0 |
|a Ladův český Betlém :
|b s výběrem lidových koled /
|c Josef Lada
|
| 250 |
|
|
|a 2. vyd. v Albatrosu
|
| 260 |
|
|
|a Praha :
|b Albatros,
|c 1970
|
| 300 |
|
|
|a Nestr.
|
| 500 |
|
|
|a Vystřihovánky, ze kterých lze uskutečnit leporelo
|
| 910 |
|
|
|a BOA001
|b PK-M-0000.207-70
|
| 964 |
|
|
|a Betlémy - vystřihovánky
|
| 990 |
|
|
|a BK
|
| 996 |
6 |
|
|b 3119679186
|c PK-M-0000.207
|l MZK
|r Sklad / do 1 hodiny
|n 0
|w 000587030
|u 000020
|a 1
|e BOA001
|j MZK50
|s P
|
| 996 |
6 |
|
|b 3119933726
|c PK-M-0000.207
|l MZK
|r Sklad / do 1 hodiny
|n 2
|w 000587030
|u 000010
|a 1
|e BOA001
|j MZK50
|s P
|